Make in India need and importance / (Record no. 138828)

MARC details
000 -LEADER
fixed length control field 00609nam a22001937a 4500
005 - DATE AND TIME OF LATEST TRANSACTION
control field 20170412144505.0
010 ## - LCCN (DPL NO)
LC control number ENG-117757
020 ## - INTERNATIONAL STANDARD BOOK NUMBER
International Standard Book Number 9788193295465
Terms of availability 895.00
035 ## - SYSTEM CONTROL NUMBER
System control number EN-101289
037 ## - SOURCE OF ACQUISITION
Source of stock number/acquisition DBAD/PUB
082 ## - DEWEY DECIMAL CLASSIFICATION NUMBER
Classification number 338.954
100 ## - MAIN ENTRY--PERSONAL NAME
Personal name Jain, Shobha
245 ## - TITLE STATEMENT
Title Make in India need and importance /
Statement of responsibility, etc by Shobha Jain
260 ## - PUBLICATION, DISTRIBUTION, ETC. (IMPRINT)
Place of publication, distribution, etc New Delhi
Name of publisher, distributor, etc Kunal books
Date of publication, distribution, etc 2017
270 ## - ADDRESS
Address 4648/21, first floor, Ansari Road, Daryaganj
City New Delhi
Postal code 110002
300 ## - PHYSICAL DESCRIPTION
Extent v, 247p.
Dimensions 21cm(Hb)
500 ## - GENERAL NOTE
General note Includes bibliographical references and index
942 ## - ADDED ENTRY ELEMENTS (KOHA)
Source of classification or shelving scheme Dewey Decimal Classification
Item type English Books
Classification part 363.7288
Call number suffix JEN
Holdings
Withdrawn status Lost status Not for loan Collection code Home library Current library Date acquired Source of acquisition Cost, normal purchase price Full call number Barcode Copy number Cost, replacement price Koha item type
      Non-fiction Shahdara Branch Shahdara Branch 12/04/2017 DBAD/PUB 895.00 363.7288 JEN EN-101289 1 895.00 English Books

© Delhi Public Library
Hit Counter
free hit counter